10 największych miast na Ukrainie - Statystyki

Ogólne statystyki
  • Ten quiz został rozwiązany 724 razy
  • Średni wynik to 7 z 10
Statystyki odpowiedzi
Liczba ludności % ludności Miasto % Poprawnych
2 814 258 7,5% Kijów
100%
729 842 2,0% Lwów
97%
1 441 362 3,7% Charków
89%
1 008 162 2,7% Odessa
84%
955 041 2,6% Donieck
83%
999 577 2,7% Dniepr
63%
772 627 2,1% Zaporoże
47%
464 457 1,2% Mariupol
44%
660 203 1,8% Krzywy Róg
39%
497 032 1,3% Mikołajów
32%
Nie znaleziono quizów pasujących do podanych kryteriów
Rozkład punktacji
Procent ludzi z każdym wynikiem
Percentyl według liczby udzielonych odpowiedzi
Twoja historia wyników
Nie rozwiązałeś tego quizu